00750nam a22002411 450000100060000000300080000600500170001400800390003102000150007003500190008504000320010404100080013608200210014410000250016524500790019025000120026926000300028130000490031135000090036049000540036950400410042365100440046424476BD-RjUL20211209001045.0140313s1968 enkab b 001 0 eng a0416107109 a(BD-RjUL)24543 aDLCcDLCdDLCdBD-RjULbeng aeng00a937.07bSAH 19681 aSalmon, Edward Togo.12aA history of the Roman world from 30 B.C. to A.D. 138 /cEdward T. Salmon. a6th ed. aLondon :bMethuen,c1968. axv, 367 p. :bill., table, 5 maps. ;c23 cm. a50/-0 aMethuen's history of the Greek and Roman world, 6 aBibliography: p. 343-349. and index. 0aRomexHistoryyEmpire, 30 B.C.-284 A.D.